Multi-Word Countries by Any Word in One Minute - Statistics

General Stats
  • This quiz has been taken 1,102 times
  • The average score is 21 of 36
Answer Stats
Country % Correct
South Africa
87%
South Korea
87%
South Sudan
86%
United States
86%
Democratic Republic of the Congo
85%
North Korea
83%
Republic of the Congo
83%
Saint Vincent and the Grenadines
83%
United Kingdom
83%
Saint Kitts and Nevis
81%
United Arab Emirates
81%
Papua New Guinea
73%
São Tomé and Príncipe
70%
Antigua and Barbuda
69%
Central African Republic
68%
Dominican Republic
67%
Saint Lucia
67%
Trinidad and Tobago
67%
Bosnia and Herzegovina
63%
New Zealand
56%
East Timor
48%
Federated States of Micronesia
47%
Equatorial Guinea
44%
Guinea-Bissau
44%
Marshall Islands
43%
Solomon Islands
43%
San Marino
39%
Vatican City
33%
El Salvador
31%
Cape Verde
28%
Saudi Arabia
27%
Sri Lanka
26%
Burkina Faso
24%
Costa Rica
24%
Côte d'Ivoire
14%
Sierra Leone
14%
No matching quizzes found
Score Distribution
Percent of People with Each Score
Percentile by Number Answered
Your Score History
You have not taken this quiz